000 00361pab a2200145 454500
008 180718b xxu||||| |||| 00| 0 eng d
100 _aMain, Brian G.M.
245 _aWomen and the union wage gap
650 _a Women
650 _a Trade Unions
650 _aWage Determination - U.K.
700 _aReilly, Barry
773 _aEconomic Journal
909 _a23966
999 _c23966
_d23966